|
|
|
|
| LEADER |
00708nab#a2200277#ar4500 |
| 001 |
000047513 |
| 003 |
SVKKK |
| 005 |
20040219094624.0 |
| 008 |
040219c1993 xo e slo |
| FMT |
|
|
|
| 038 |
|
|
|a SVKKK
|
| 040 |
|
|
|a SVKKK
|b slo
|e AACR2
|
| 041 |
0 |
|
|a slo
|
| 044 |
|
|
|a xo
|c SK
|
| 080 |
|
|
|a 061.25
|2 1997
|
| 100 |
0 |
|
|a (mar)
|4 aut
|
| 245 |
1 |
0 |
|a O dobré meno hotelov :
|b Zrod novej profesijnej asociácie
|c [autor] (mar)
|
| 650 |
0 |
4 |
|a hotely tatranské
|x asociácia plánovaná
|z Starý Smokovec (Slovensko)
|
| 773 |
0 |
|
|t Slovenský východ
|g Roč. 3/22, č. 39 (17.2.1993), s. 2
|
| 957 |
|
|
|a 706
|
| 958 |
|
|
|a PP
|
| 974 |
|
|
|a MI
|
| 992 |
|
|
|a RBX
|
| BAS |
|
|
|
| 852 |
|
|
|a SVKKK
|b BIB
|
| 998 |
|
|
|a REG
|